| Tag |
First Indicator |
Second Indicator |
Subfields |
| LEADER |
00000cam a2200000 4500 |
| 001 |
in00000063565 |
| 005 |
20151007083150.0 |
| 008 |
720324s1964 ilu b 00000 eng u |
| 010 |
|
|
|a 64014116
|
| 035 |
|
|
|a (OCoLC)00270607
|
| 035 |
|
|
|9 AAF8961AM
|
| 040 |
|
|
|c CWR
|d TXA
|d UtOrBLW
|
| 049 |
|
|
|a TXAM
|c [403428]
|
| 050 |
|
0 |
|a JC73
|b .S8
|
| 092 |
|
|
|a 320
|b S912c
|
| 100 |
1 |
|
|a Strauss, Leo.
|
| 245 |
1 |
4 |
|a The city and man.
|
| 264 |
|
1 |
|a Chicago :
|b Rand McNally,
|c [1964]
|
| 300 |
|
|
|a 245 pages
|
| 336 |
|
|
|a text
|b txt
|2 rdacontent
|
| 337 |
|
|
|a unmediated
|b n
|2 rdamedia
|
| 338 |
|
|
|a volume
|b nc
|2 rdacarrier
|
| 490 |
1 |
|
|a Rand McNally political science series
|
| 500 |
|
|
|a "An enlarged version of the Page-Barbour lectures... delivered at the University of Virginia in the spring of 1962."
|
| 504 |
|
|
|a Bibliographical footnotes.
|
| 600 |
0 |
0 |
|a Aristotle.
|t Politics.
|
| 600 |
0 |
0 |
|a Plato.
|t Republic.
|
| 600 |
0 |
0 |
|a Thucydides.
|t History of the Peloponnesian War.
|
| 650 |
|
0 |
|a Political science.
|
| 830 |
|
0 |
|a Rand McNally political science series.
|
| 999 |
|
|
|a MARS
|
| 999 |
f |
f |
|s cf27d837-a63d-3beb-9b5b-8166b4e426f7
|i 7690df3d-3744-3fd6-bfd6-5fe2fcc9a341
|t 0
|
| 952 |
f |
f |
|p normal
|a Texas A&M University
|b College Station
|c Sterling C. Evans Library
|d Evans: Library Stacks
|t 0
|e JC73 .S8
|h Library of Congress classification
|i unmediated -- volume
|m A14800656620
|
| 998 |
f |
f |
|a JC73 .S8
|t 0
|l Evans: Library Stacks
|